Problematika, možnosti a budoucnost rodinných farem v československém zemědělství.
Miesto rodinných farien v krajinách ES a podmienky ich prežitia vo veľkosti a správnom zameraní. Pracovné sily a vlastníctvo v poľnohospodárskych podnikoch ES. Vysoká nákladovosť rodinnej farmy v ČSFR a podmienky ich zakladania. Základné hospodárske modely a minimálna veľkosť rodinnej farmy zamerane...
Enregistré dans:
| Auteur principal: | |
|---|---|
| Format: | Chapitre de livre |
| Langue: | tchèque |
| Sujets: | |
| Tags: |
Pas de tags, Soyez le premier à ajouter un tag!
|
MARC
| LEADER | 00000naa a2200000 4500 | ||
|---|---|---|---|
| 001 | r008684 | ||
| 005 | 20220831091133.4 | ||
| 041 | 0 | |a cze | |
| 044 | |a [CS] | ||
| 245 | 1 | 0 | |a Problematika, možnosti a budoucnost rodinných farem v československém zemědělství. |c V. Zavřel |
| 520 | |a Miesto rodinných farien v krajinách ES a podmienky ich prežitia vo veľkosti a správnom zameraní. Pracovné sily a vlastníctvo v poľnohospodárskych podnikoch ES. Vysoká nákladovosť rodinnej farmy v ČSFR a podmienky ich zakladania. Základné hospodárske modely a minimálna veľkosť rodinnej farmy zameranej výhradne na rastlinnú výrobu. Hospodársky model rodinnej farmy, ktorá produkuje v priemerných podmienkach. | ||
| 610 | 2 | 0 | |a farmy |
| 610 | 2 | 0 | |a poľnohospodárstvo |
| 610 | 2 | 0 | |a Európske spoločenstvá |
| 610 | 2 | 0 | |a vlastníctvo |
| 610 | 2 | 0 | |a sily pracovné |
| 610 | 2 | 0 | |a ČSFR |
| 610 | 2 | 0 | |a náklady |
| 610 | 2 | 0 | |a veľkosť podnikov |
| 610 | 2 | 0 | |a výroba rastlinná |
| 100 | 1 | |a Zavřel, V. | |